Quiz Cultura Generale - Quiz n°18 - Statistics

Statistiche generali
  • Questo quiz è stato fatto 203 volte
  • Il punteggio medio è 6 su 15
Statistiche sulle risposte
Domanda Risposta % Corretto
Quanti sono i nani nel film Biancaneve? Sette
100%
In quale continente vive lo gnu? Africa
65%
Quale elemento chimico è identificato con la lettera I? Iodio
65%
Quale poeta ha scritto "X Agosto"? Giovanni Pascoli
55%
Chi ha scolpito "Amore e Psiche"? Antonio Canova
54%
Qual è il nome dello scrittore Moravia? Alberto
49%
Quanto costa un prodotto dal prezzo di 150 euro scontato del 40%? 90 euro
46%
Quale era il nome di Renzo Tramaglino nella prima stesura dei "Promessi Sposi" (ventisettana)? Fermo Spolino
42%
Quanto restavano in carica al massimo i dittatori nell'antica Roma? Sei mesi
39%
Quale scritto ha pubblicato "I pirati della Malesia" nel 1896? Emilio Salgari
31%
Quale lungometraggio ha vinto l'Oscar come miglior film nel 2020? Parasite
11%
Come è detta una qualsiasi porzione di cerchio delimitata da due raggi e da un arco di circonferenza? Settore circolare
8%
Come sono dette due figure piane aventi lo stesso perimetro? Isoperimetriche
7%
Durante quale guerra venne combattuta la Battaglia di Custoza del 1848? Prima guerra d'Indipendenza
5%
Chi è considerato come l'inventore del microscopio? Antoni van Leeuwenhoek
0%
Nessun quiz corrispondente trovato
Distribuzione punteggi
Percentuale di utenti per punteggio
Percentile per numero di risposta
I tuoi punteggi nel tempo
Non hai fatto questo quiz